00783nam a2200229Ia 4500003000900000008004100009020001500050040001600065080001800081100002900099245006800128260003400196300001400230490005000244650004100294650001800335650003600353700002000389942000700409999001500416952012200431IN-BaIIA211028s9999 xx 000 0 eng d a0-851262-7 cIIA Library a523.7.53bAKA aAkasofu, Syun-Ichi97550 0aSolar terrestrial physicscSyun-lchi Akasofu and Sydney Chapman aOxfordbClarendon Pressc1972 axx, 901p. aInternational Series of Monographs on Physics aAstronomy and Astrophysics Thesaurus aSolar Physics aSolar Terrestrial Physics95220 aChapman, Sydney cBK c4292d4292 00104070aBANbKODcGENd1973-09-10g450.00l0o523.7.53/ AKAp4791r2021-11-05v450.00w1973-09-10yBKGRs. 450.00